000 01213nam a2200301Ia 4500
999 _c65251
_d65251
005 20240530110815.0
008 140319s2008 au a f b 000 0 ara d
017 _a2008/20619
_bمصر. دار الكتب
020 _a9774379292
040 _aGCL /
_cGCL
082 0 4 _221
_a792.0233 /
_bإ م
100 1 _aانجر ، كليان
245 1 0 _aمخرجو الغد /
_cتأليف كليان انجلز ، برند زوخر ؛ ترجمة وتقديم باهر محمد الجوهرى ؛ مراجعة احمد سخسوخ
250 _aط.1
260 _aالقاهرة :
_bوزارة الثقافة : مهرجان القاهرة الدولى للمسرح التجريبى،
_c2008 .
300 _a327 ص. :
_bايض. ؛
_c24 سم.
650 0 7 _aالمسرح
_2qrmak
650 0 7 _aالاخراج المسرحى
650 0 7 _aالسينما
_2qrmak
650 0 7 _aالتمثيل
_2qrmak
650 0 7 _aالمسرح
_xتاريخ ونقد
_2qrmak
651 _2qrmak
700 0 _aبرند زوخر
_eمؤلف مشارك
700 0 _aباهر محمد الجوهرى
_eمترجم
_eمقدم
700 0 _aاحمح سخسوخ
_eمراجع
942 _2ddc
_cBK